Lewis's medical surgical nursing assesment and management of clinical problems (Record no. 2608)

MARC details
000 -LEADER
fixed length control field 00443nam a22001577a 4500
008 - FIXED-LENGTH DATA ELEMENTS--GENERAL INFORMATION
fixed length control field 250324b |||||||| |||| 00| 0 eng d
020 ## - INTERNATIONAL STANDARD BOOK NUMBER
ISBN 9780323551519
100 ## - MAIN ENTRY--AUTHOR
Author Harding Mariam M.
245 ## - TITLE STATEMENT
Title Lewis's medical surgical nursing assesment and management of clinical problems
250 ## - EDITION STATEMENT
Edition statement 11th
260 ## - PUBLICATION, DISTRIBUTION, ETC. (IMPRINT)
Place of publication Missouri
Name of publisher Elsevier
Date of publication 2020
300 ## - COLLATION
Pagination xxiii,1636p
650 ## - TRACINGS
Main Subject Nursing
Subdivision (1st) Surgical Nursing
942 ## - ADDED ENTRY ELEMENTS (KOHA)
Item type Books
050 ## - LIBRARY OF CONGRESS CALL NUMBER
Classification number RT41
Item number .H23
Holdings
Source of classification or shelving scheme Not for loan Permanent location Current location Date acquired Accession No. Full call number Barcode. Koha item type
Library of Congress Classification   Medical Library Medical Library 03/24/2025 2024/67277 RT41.H23 2025-0893 Books
Library of Congress Classification   Medical Library Medical Library 03/24/2025 2024/67277 RT41.H23 2025-0894 Books
Library of Congress Classification   Medical Library Medical Library 03/24/2025 2024/67277 RT41.H23 2025-0895 Books
Library of Congress Classification   Medical Library Medical Library 03/24/2025 2024/67277 RT41.H23 2025-0896 Books